Correlates of HIV testing among women in Malawi: results from the 2006 multiple indicator cluster survey (Record no. 31171)
[ view plain ]
| 000 -LEADER | |
|---|---|
| fixed length control field | 00739nam a2200169 a 4500 |
| 008 - FIXED-LENGTH DATA ELEMENTS--GENERAL INFORMATION | |
| fixed length control field | 121019s2008 ||||||||||||||||| || u |
| 050 ## - LIBRARY OF CONGRESS CALL NUMBER | |
| Classification number | PAPERS/STAFF |
| 100 ## - MAIN ENTRY--PERSONAL NAME | |
| Personal name | Siziya, Seter |
| 245 10 - TITLE STATEMENT | |
| Title | Correlates of HIV testing among women in Malawi: results from the 2006 multiple indicator cluster survey |
| Statement of responsibility, etc. | by Seter Siziya; [and others] |
| 260 ## - PUBLICATION, DISTRIBUTION, ETC. | |
| Place of publication, distribution, etc. | Lusaka: |
| Name of publisher, distributor, etc. | University of Zambia, School of Medicine |
| Date of publication, distribution, etc. | 2008 |
| 300 ## - PHYSICAL DESCRIPTION | |
| Extent | 6p.: ill. |
| 490 ## - | |
| -- | Tropical Medicine and International Health |
| 490 ## - | |
| -- | Vol. 13, No. 11 |
| 500 ## - GENERAL NOTE | |
| General note | Bibliography |
| 650 ## - SUBJECT ADDED ENTRY--TOPICAL TERM | |
| Topical term or geographic name entry element | WOMEN AND HIV TESTING--MALAWI |
| 995 ## - | |
| -- | SPECIAL COLLECTIONS |
| -- | 332 |
| -- | CBU-SCHOOL OF MEDICINE LIBRARY (Ndola) |
| -- | PAPERS/STAFF/SIZIYA |
| -- | 1 |
| -- | AVAILABLE |
| -- | Dec 6, 2012 |
| -- | B332 |
| -- | Zambiana Collection |
| 999 ## - | |
| -- | 31171 |
| -- | 31171 |
| Withdrawn status | Lost status | Source of classification or shelving scheme | Damaged status | Not for loan | Permanent Location | Current Location | Shelving location | Date acquired | Total Checkouts | Full call number | Barcode | Date last seen | Price effective from | Koha item type |
|---|---|---|---|---|---|---|---|---|---|---|---|---|---|---|
| CBU-SCHOOL OF MEDICINE LIBRARY, NDOLA. | CBU-SCHOOL OF MEDICINE LIBRARY, NDOLA. | 11/30/2022 | PAPERS/STAFF | B332 | 11/30/2022 | 11/30/2022 | MONOGRAPH |